|
|
|
|
| LEADER |
01640nam a2200421 a 4500 |
| 001 |
EBC3020451 |
| 003 |
MiAaPQ |
| 005 |
20200520144314.0 |
| 006 |
m o d | |
| 007 |
cr cn||||||||| |
| 008 |
110919s2012 nyua sb 001 0 eng d |
| 010 |
|
|
|z 2011033673
|
| 020 |
|
|
|z 9781621004158 (hbk.)
|
| 020 |
|
|
|a 9781621004844 (electronic bk.)
|
| 035 |
|
|
|a (MiAaPQ)EBC3020451
|
| 035 |
|
|
|a (Au-PeEL)EBL3020451
|
| 035 |
|
|
|a (CaPaEBR)ebr10677489
|
| 035 |
|
|
|a (OCoLC)834143619
|
| 040 |
|
|
|a MiAaPQ
|c MiAaPQ
|d MiAaPQ
|
| 043 |
|
|
|a n-us---
|
| 050 |
|
4 |
|a HD9565
|b .U165 2012
|
| 082 |
0 |
4 |
|a 382/.422820973
|2 23
|
| 245 |
0 |
0 |
|a U.S. oil sources
|h [electronic resource] :
|b turmoil and tranquility /
|c Natalie B. Kelleher, editor.
|
| 246 |
3 |
|
|a United States oil sources
|
| 260 |
|
|
|a Hauppauge, N.Y. :
|b Nova Science Publishers,
|c c2012.
|
| 300 |
|
|
|a ix, 155 p. :
|b ill.
|
| 490 |
1 |
|
|a Energy science, engineering and technology
|
| 504 |
|
|
|a Includes bibliographical references and index.
|
| 533 |
|
|
|a Electronic reproduction. Ann Arbor, MI : ProQuest, 2015. Available via World Wide Web. Access may be limited to ProQuest affiliated libraries.
|
| 650 |
|
0 |
|a Petroleum industry and trade
|z United States.
|
| 650 |
|
0 |
|a Petroleum industry and trade
|x Government policy
|z United States.
|
| 650 |
|
0 |
|a Imports
|z United States.
|
| 650 |
|
0 |
|a Energy policy
|z United States.
|
| 655 |
|
4 |
|a Electronic books.
|
| 700 |
1 |
|
|a Kelleher, Natalie B.
|
| 710 |
2 |
|
|a ProQuest (Firm)
|
| 830 |
|
0 |
|a Energy science, engineering and technology series.
|
| 856 |
4 |
0 |
|u https://ebookcentral.proquest.com/lib/matrademy/detail.action?docID=3020451
|z Click to View
|